Good in Goodbye - Madison Beer - Statistics

General Stats
  • This quiz has been taken 40 times
  • The average score is 235 of 300
Answer Stats
Hint Answer % Correct
me
100%
Chorus | Verse 1 You
100%
you
100%
got
96%
"I"
96%
I
96%
we
96%
your
96%
Boy
91%
boy
91%
do
91%
how
91%
in
91%
In
91%
on
91%
the
91%
a
87%
blood
87%
hands
87%
love
87%
no
87%
to
87%
"ex"
83%
G-O-O-D
83%
just
83%
"next"
83%
"over"
83%
plead?
83%
put
83%
try
83%
Bridge | Pre-Chorus You're
83%
you're
83%
'Cause
78%
find
78%
goodbye
78%
Outro Goodbye
78%
it's
78%
It's
78%
"lover"
78%
since
78%
like
74%
met
74%
my
74%
"trouble"
74%
week
74%
(Week)
74%
But
70%
days
70%
even
70%
for
70%
I'll
70%
Nine
70%
row
70%
(Row)
70%
toxic
70%
treason
70%
"U"
70%
Ain't
65%
ain't
65%
cannot
65%
eight
65%
killing
65%
mondays
65%
treated
65%
vibe
65%
words
65%
All
61%
all
61%
describe
61%
of
61%
take
61%
bullet
57%
get
57%
gotta
57%
one
57%
out
57%
People
57%
some
57%
time
57%
ways
57%
would
57%
holding
52%
notice
52%
Only
52%
prove
52%
focused
48%
gun
48%
shit
48%
started
48%
These
48%
are
43%
been
43%
bitter
43%
couldn't
43%
I'm
43%
see
43%
sweet
43%
tryna
39%
tantrums
35%
old
30%
(Old)
30%
No matching quizzes found
Score Distribution
Percent of People with Each Score
Percentile by Number Answered
Your Score History
You have not taken this quiz